Library of the University of Algiers 3
Ibrahim Sultan Cheibout
شعار جامعة الجزائر 3
مكتبة جامعة الجزائر 3
إبراهيم سلطان شيبوط

طريق رئيس وطرق فرعية : (رقم التسجيلة. 45079)

تفاصيل مارك
000 -LEADER
fixed length control field 01565nam a2200229Ia 4500
003 - CONTROL NUMBER IDENTIFIER
control field Ost
005 - DATE AND TIME OF LATEST TRANSACTION
control field 20260507075612.0
008 - FIXED-LENGTH DATA ELEMENTS--GENERAL INFORMATION
fixed length control field 260507s9999||||xx |||||||||||||| ||und||
040 ## - CATALOGING SOURCE
Transcribing agency fsecg
041 ## - LANGUAGE CODE
Language code of text/sound track or separate title ara
082 ## - DEWEY DECIMAL CLASSIFICATION NUMBER
Classification number 320.531
100 ## - MAIN ENTRY--PERSONAL NAME
Personal name كورناي، جانوس
Relator term مؤلف
245 #0 - TITLE STATEMENT
Title طريق رئيس وطرق فرعية :
Remainder of title دراسات في الإصلاح والإنتقال ما بعد الشيوعي /
Statement of responsibility, etc. جانوس كورناي
260 ## - PUBLICATION, DISTRIBUTION, ETC.
Place of publication, distribution, etc. عمان:
Name of publisher, distributor, etc. دار الكتاب الحديث للنشر والتوزيع,
Date of publication, distribution, etc. 1998
300 ## - PHYSICAL DESCRIPTION
Extent 265 صفحة؛
Other physical details إيضاحات ؛
Dimensions 25 سم
504 ## - BIBLIOGRAPHY, ETC. NOTE
Bibliography, etc. note المراجع ص.235
520 ## - SUMMARY, ETC.
Summary, etc. اشتراكية السوق المعاد فحصها، الصلة بين أشكال الملكية وآليات التنسيق، طريق الاتحاد السوفياتي إلى الاقتصاد الحر:تعليقات مراقب خارجي، مبادئ الخصخصة في اروبا الشرقية، الانتقال ما بعد الاشتراكي والدولة، تأملات في ضوء الشكلات المالية الهنغارية، التطور التدريجي للانضباط المالي في ظل النسق ما بعد الاشتراكي، الركود التحويلي، ظاهرة عامة مفحوصة من خلال مثال تطور هنغاريا، الانتقال ما بعد الاشتراكي: مراجعة عامة
653 ## - INDEX TERM--UNCONTROLLED
Uncontrolled term الاشتراكية
653 ## - INDEX TERM--UNCONTROLLED
Uncontrolled term الاقتصاد- تاريخ
700 ## - ADDED ENTRY--PERSONAL NAME
Personal name التل، نادر ادريس
Relator term مؤلف ثانوي
942 ## - ADDED ENTRY ELEMENTS (KOHA)
Koha item type كتب
المقتنيات
Withdrawn status Lost status Source of classification or shelving scheme Damaged status Not for loan Home library Current library Date acquired Serial enumeration / chronology Inventory number Total checkouts Full call number Barcode Date last seen Price effective from Koha item type
    Dewey Decimal Classification   NOT LOAN / إعارة داخلية مكتبة كلية العلوم الإقتصادية والعلوم التجارية وعلوم التسيير مكتبة كلية العلوم الإقتصادية والعلوم التجارية وعلوم التسيير 07/05/2026 الطابق الأرضي 630/1   أ/630ن1 630/1 07/05/2026 07/05/2026 كتب

موارد الويب المفتوحة


© University of Algiers 3 All Rights Reserved
|
Implemented by LECHELAH Riad